[Event "Gp A"]
[Site "Cap d'Agde FRA"]
[Date "2002.10.25"]
[Round "3"]
[White "Lautier,J"]
[Black "Milov,V"]
[Result "1/2-1/2"]
[WhiteElo "2665"]
[BlackElo "2620"]

1.e4 c5 2.Nf3 d6 3.d4 cxd4 4.Nxd4 Nf6 5.Nc3 Nc6 6.Bg5 Bd7 7.Be2 e6 8.Ndb5 Qb8
9.a4 a6 10.Na3 Qc7 11.Qd2 Be7 12.Rd1 Ne5 13.f4 Ng6 14.O-O Bc6 15.Nc4 Nxe4
16.Nxe4 Bxe4 17.Bxe7 Kxe7 18.Nxd6 Qb6+ 19.Qd4 Qxd4+ 20.Rxd4 Bc6 21.Rfd1 Rhd8
22.a5 f6 23.g3 Nh8 24.Bc4 f5 25.Bb3 Rd7 26.c4 Rad8 27.c5 Nf7 28.Re1 Be4 29.Ba4 Rc7
30.Rc1 Bc6 31.Bxc6 Rxc6 32.Rb4 Nxd6  1/2-1/2

[Event "Gp A"]
[Site "Cap d'Agde FRA"]
[Date "2002.10.25"]
[Round "4"]
[White "Tkachiev,V"]
[Black "Milov,V"]
[Result "1/2-1/2"]
[WhiteElo "2632"]
[BlackElo "2620"]

1.e4 e6 2.d4 d5 3.Nc3 dxe4 4.Nxe4 Nd7 5.Nf3 Ngf6 6.Bg5 h6 7.Nxf6+ Nxf6 8.Bh4 c5
9.Bb5+ Bd7 10.Bxd7+ Qxd7 11.Qe2 cxd4 12.O-O-O Bc5 13.Nxd4 Bxd4 14.Bxf6 gxf6
15.c3 Rc8 16.Kb1 Qc6 17.Rxd4 Ke7 18.Rhd1 Rhd8 19.Qd2 Rxd4 20.Qxd4 a5 21.f3 Qc7
22.Qh4 Rg8 23.g3 Rd8 24.Rxd8 Qxd8 25.Kc2 Qb6 26.Qe4  1/2-1/2

[Event "Gp A"]
[Site "Cap d'Agde FRA"]
[Date "2002.10.26"]
[Round "6"]
[White "Hamdouchi,H"]
[Black "Milov,V"]
[Result "1-0"]
[WhiteElo "2593"]
[BlackElo "2620"]

1.e4 c5 2.Nf3 Nc6 3.d4 cxd4 4.Nxd4 Qb6 5.Nb3 Nf6 6.Nc3 e6 7.Be3 Qc7 8.Qd2 Bb4
9.f3 d5 10.a3 Bxc3 11.Qxc3 dxe4 12.fxe4 O-O 13.Bd3 Ng4 14.Bc5 Rd8 15.O-O-O b6
16.h3 Nge5 17.Bd4 Bb7 18.Bb5 Qe7 19.Be3 h6 20.Kb1 Rac8 21.Rxd8+ Qxd8 22.Bc1 Qf6
23.Qe3 Ne7 24.Re1 N7g6 25.Nd4 Nc4 26.Qd3 Nge5 27.Qe2 Nd6 28.Ba6 Bxa6 29.Qxa6 Rc4
30.Nf3 Rc7 31.Qe2 Rc4 32.Nd2 Rc8 33.Rd1 b5 34.Nf3 Rc6 35.b3 Nxf3 36.gxf3 e5
37.Bb2 Qe6 38.Rd5 f6 39.h4 a6 40.Qd3 h5 41.f4 Nf7 42.f5 Qc8 43.Qd1 Rc5 44.Rd2 Qc6
45.Qxh5 a5 46.Qg6 Nd6 47.h5 Kf8 48.h6 gxh6 49.Qxf6+ Nf7 50.Rd8+  1-0

[Event "Gp A"]
[Site "Cap d'Agde FRA"]
[Date "2002.10.26"]
[Round "7"]
[White "Milov,V"]
[Black "Bareev,E"]
[Result "1/2-1/2"]
[WhiteElo "2620"]
[BlackElo "2737"]

1.d4 d5 2.c4 c6 3.Nf3 Nf6 4.e3 a6 5.Bd3 Bg4 6.h3 Bh5 7.Nc3 e6 8.O-O Nbd7
9.Bd2 Be7 10.c5 e5 11.Be2 e4 12.Nh2 Bxe2 13.Qxe2 Nf8 14.b4 Ne6 15.a4 O-O
16.b5 axb5 17.axb5 b6 18.cxb6 Qxb6 19.Ng4 Nc7 20.bxc6 Qxc6 21.Ne5 Qe6 22.Nb5 Nxb5
23.Qxb5 Bd6 24.Nc6 Qd7 25.Rxa8 Rxa8 26.Rc1 Rc8 27.Qa6 Kf8 28.Rc3 Qe6 29.Bc1 g5
30.Ba3 Bxa3 31.Qxa3+ Kg7 32.Ne5 Rxc3 33.Qxc3 Nd7 34.Nc6 g4 35.h4 Qf6 36.Nb4 Qd6
37.Qc6 Qxb4 38.Qxd7 Qe1+ 39.Kh2 Qxf2 40.Qxg4+ Kf8 41.Qg3 Qf6 42.Qg4 h6 43.Kg3 Qd6+
44.Qf4 Qg6+ 45.Kh2 Qe6 46.g4 Kg8 47.Kg3 Qb6 48.g5 h5 49.Qe5 Qb3 50.Kf4 Qb5
51.Qd6 Qe2 52.Qxd5 Qg4+ 53.Ke5 Qxh4 54.Qd8+ Kg7 55.Qf6+ Kg8 56.d5 Qh2+ 57.Kxe4 Qc2+
58.Ke5 Qb2+ 59.Kd6 Qb6+ 60.Kd7 Qb7+ 61.Kd6  1/2-1/2

[Event "XV Carlos Torre"]
[Site "Merida MEX"]
[Date "2002.12.14"]
[Round "2"]
[White "Milov,V"]
[Black "Martin del Campo,R"]
[Result "1-0"]
[WhiteElo "2620"]
[BlackElo "2421"]

1.d4 Nf6 2.c4 d6 3.Nc3 Bf5 4.f3 e5 5.e4 exd4 6.Qxd4 Nc6 7.Qd2 Be6 8.b3 Be7
9.Nge2 O-O 10.Ng3 Nd7 11.Nd5 Bh4 12.Bb2 f5 13.O-O-O fxe4 14.Nxe4 Nc5 15.Nxc5 dxc5
16.g3 Bg5 17.f4 Bh6 18.Qe2 Qc8 19.Bg2 Re8 20.Qh5 Rf8 21.h3 Rf7 22.Rhe1 Nd4
23.Ne3 Qf8 24.Ng4 Bxg4 25.hxg4 g6 26.Qh4 Bg7 27.Bd5 Re8 28.Qh2 c6 29.Bxf7+ Qxf7
30.Qg2 a5 31.Qf1 a4 32.Rxe8+ Qxe8 33.Qd3 axb3 34.axb3 b5 35.Kb1 b4 36.g5 Qe6
37.Ka2 Qe7 38.Qd2 Qa7+ 39.Kb1 Qd7 40.Qe3 Qf5+ 41.Ka2 Qd7 42.Re1 Kf7 43.Qd3 Qa7+
44.Kb1 Qd7 45.Re3 Qf5 46.Qxf5+ Nxf5 47.Re1  1-0

[Event "XV Carlos Torre"]
[Site "Merida MEX"]
[Date "2002.12.15"]
[Round "3"]
[White "Mitkov,N"]
[Black "Milov,V"]
[Result "0-1"]
[WhiteElo "2529"]
[BlackElo "2620"]

1.e4 c5 2.Nf3 Nc6 3.Nc3 d6 4.d4 cxd4 5.Nxd4 Nf6 6.Bc4 Qb6 7.Ndb5 Bg4 8.f3 Bd7
9.Qe2 a6 10.Be3 Qa5 11.Nd4 e6 12.O-O-O b5 13.Bb3 b4 14.Nb1 Be7 15.Nd2 Nxd4
16.Bxd4 Bb5 17.Qe1 O-O 18.Nc4 Bxc4 19.Bxc4 Rfc8 20.Bb3 Qb5 21.e5 dxe5 22.Qxe5 Qc6
23.c3 a5 24.Kb1 a4 25.Bc2 bxc3 26.Bxc3 Rab8 27.Rd3 Ba3 28.Rc1 h6 29.Bd4 Bd6
30.Qa5 Ra8 31.Qe1 Nd5 32.Be5 Bxe5 33.Qxe5 Qb5 34.Re1 Rxc2 35.Rxd5 Rxb2+ 36.Qxb2 Qxd5
37.Ka1 a3 38.Qc3 Rb8 39.Rc1 Rb2 40.Qxa3 Rxg2 41.h4 Qd4+ 42.Qc3 Qxh4 43.Rc2 Rg3
44.Qd3 Qf6+ 45.Rc3 g5 46.a4 g4 47.Ka2 Rxf3 48.Rc8+ Kg7 49.Qd1 g3  0-1

[Event "XV Carlos Torre"]
[Site "Merida MEX"]
[Date "2002.12.17"]
[Round "5"]
[White "Nogueiras,J"]
[Black "Milov,V"]
[Result "1/2-1/2"]
[WhiteElo "2528"]
[BlackElo "2620"]

1.Nf3 Nf6 2.c4 c5 3.g3 b6 4.Bg2 Bb7 5.O-O e6 6.Nc3 Be7 7.d4 cxd4 8.Qxd4 O-O
9.Rd1 d6 10.b3 Nbd7  1/2-1/2

[Event "XV Carlos Torre Wimbledon"]
[Site "Merida MEX"]
[Date "2002.12.18"]
[Round "1"]
[White "Milov,V"]
[Black "Soppe,G"]
[Result "1-0"]
[WhiteElo "2620"]
[BlackElo "2469"]

1.d4 Nf6 2.c4 g6 3.Nc3 Bg7 4.e4 O-O 5.Bg5 c6 6.Bd3 d5 7.cxd5 cxd5 8.e5 Ne8
9.Nge2 Nc6 10.O-O f6 11.exf6 exf6 12.Be3 Be6 13.Rc1 Bf7 14.Nf4 f5 15.Nfxd5 Kh8
16.Qf3 Nxd4 17.Bxd4 Bxd4 18.Rfd1 Bg7 19.Bc4 Nd6 20.Bb3 Ne4 21.Nxe4 fxe4 22.Qxe4 Qa5
23.Ne3 Bxb3 24.axb3 Rf7 25.Rc2 Raf8 26.g3 Qb5 27.Qe6 Rf6 28.Qc4 Qe8 29.Qa4 Qe6
30.Qc4 Qe8 31.Qd3 R6f7 32.b4 a6 33.b3 Qe7 34.Nd5 Qe6 35.Re2 Qg4 36.Re4 Qg5
37.h4 Qd8 38.Nf4 Qb6 39.Qd6 Qxd6 40.Rxd6 Rc8 41.Ne6 Bf6 42.Rf4 Rc3 43.Rb6 Rc1+
44.Kg2 Rc2 45.Rc4 Rxc4 46.bxc4 Re7 47.f4 Bc3 48.b5 axb5 49.cxb5 Rd7 50.Ng5 Ba5
51.Re6 b6 52.Kf3 Kg7 53.Ke4 Rc7 54.Rc6 Rd7 55.g4 Re7+ 56.Kf3 Rd7 57.h5 gxh5
58.gxh5 Kf8 59.Ke4 Rd1 60.Nxh7+ Ke7 61.Ng5 Re1+ 62.Kf3 Rf1+ 63.Kg4 Rg1+ 64.Kf5 Rb1
65.h6 Rxb5+ 66.Kg6 Rc5 67.Rxc5 bxc5 68.Ne4  1-0

[Event "XV Carlos Torre"]
[Site "Merida MEX"]
[Date "2002.12.18"]
[Round "6"]
[White "Milov,V"]
[Black "Tyomkin,D"]
[Result "1/2-1/2"]
[WhiteElo "2620"]
[BlackElo "2492"]

1.c4 c5 2.Nc3 Nc6 3.g3 g6 4.Bg2 Bg7 5.e4 e5 6.Nge2 Nge7 7.d3 d6 8.h4 h5 9.a4 a5
10.O-O O-O  1/2-1/2

[Event "XV Carlos Torre Wimbledon"]
[Site "Merida MEX"]
[Date "2002.12.19"]
[Round "2"]
[White "Kogan,Ar"]
[Black "Milov,V"]
[Result "1/2-1/2"]
[WhiteElo "2529"]
[BlackElo "2620"]

1.d4 Nf6 2.Nf3 d5 3.c4 e6 4.Nc3 Nbd7 5.cxd5 exd5 6.Bg5 Bb4 7.e3 c5 8.Bd3 Qa5
9.Qc2 c4 10.Bf5 O-O 11.O-O h6 12.Bh4 Bxc3 13.bxc3 Re8 14.Nd2 Qa6 15.e4 g6  1/2-1/2

[Event "XV Carlos Torre Wimbledon"]
[Site "Merida MEX"]
[Date "2002.12.20"]
[Round "3"]
[White "Arencibia,W"]
[Black "Milov,V"]
[Result "1/2-1/2"]
[WhiteElo "2521"]
[BlackElo "2620"]

1.d4 Nf6 2.c4 e6 3.Nc3 Bb4 4.e3 c5 5.Ne2 cxd4 6.exd4 O-O 7.a3 Be7 8.Nf4 d6
9.Be2 e5 10.Nfd5 Nxd5 11.Nxd5 Nc6 12.Be3 Bg5 13.O-O Bxe3 14.fxe3 Be6 15.Nb4 Ne7
16.Qd2 Rc8 17.Rac1 Ng6 18.Bf3 Rxc4 19.Bxb7 exd4 20.Rxc4 Bxc4 21.Rc1 dxe3
22.Qxe3 Re8 23.Qd4 Be6 24.Qxa7 Nf4 25.Kh1 d5 26.Qf2 g5 27.Bc6 Re7 28.g3 Nh3
29.Qf6 Qd6 30.Rf1 Rc7 31.Bb5 d4 32.Be2 Rc5 33.Bg4 Qe5 34.Qf3 Qe3 35.Qxe3 dxe3
36.Bxe6 fxe6 37.Kg2 g4 38.Re1 e2 39.Nd3 Rc2 40.Nf2 Rxb2  1/2-1/2

[Event "XV Carlos Torre Wimbledon"]
[Site "Merida MEX"]
[Date "2002.12.21"]
[Round "4"]
[White "Milov,V"]
[Black "Filippov,Va"]
[Result "1/2-1/2"]
[WhiteElo "2620"]
[BlackElo "2615"]

1.d4 d5 2.c4 e6 3.Nf3 Nf6 4.Bg5 h6 5.Bxf6 Qxf6 6.e3 Nd7 7.Nbd2 g6 8.Qc2 c6
9.Bd3 Bg7 10.O-O O-O 11.cxd5 exd5 12.b4 Qd6 13.Rab1 a5 14.a3 axb4 15.axb4 Ra3
16.Rfc1 b6 17.e4 Bb7 18.exd5 cxd5 19.Qc7 Qxc7 20.Rxc7 Bc8 21.Rb3  1/2-1/2

[Event "North American Open"]
[Site "Las Vegas USA"]
[Date "2002.12.27"]
[Round "2"]
[White "Milov,V"]
[Black "Florean,A"]
[Result "1/2-1/2"]
[WhiteElo "2620"]
[BlackElo "2431"]

1.d4 Nf6 2.c4 c5 3.d5 d6 4.Nc3 g6 5.e4 Bg7 6.Bd3 O-O 7.Nf3 e6 8.O-O exd5
9.exd5 Bg4 10.h3 Bxf3 11.Qxf3 Nbd7 12.Qd1 Re8 13.Bd2 a6 14.a4 Qc7 15.f4 Nh5
16.Qf3 Bd4+ 17.Kh1 Ng7 18.Rab1 f5 19.Ne2 Nf6 20.Nxd4 cxd4 21.Rfd1 Ne4 22.Be1 Nh5
23.Kh2 Qg7 24.b4 b6 25.Bf1 Nc3 26.Bxc3 dxc3 27.Rbc1 a5 28.bxa5 Rxa5 29.Qxc3 Rxa4
30.Qxg7+ Kxg7 31.Rb1 Rb8 32.Re1 Ra7 33.Re6 Rd7 34.g3 Nf6 35.Bd3 Kf7 36.Kg2 Rdd8
37.Kf3 h5 38.Rb2 Rd7 39.Re1 Ra7 40.Rbe2 Rbb7 41.Re3 Re7 42.Rxe7+ Rxe7 43.Rb1 Rb7
44.Rb2 Rb8 45.Ra2 Rb7 46.Ra8 Nd7 47.g4 fxg4+ 48.hxg4 Nc5 49.Bf1 hxg4+ 50.Kxg4 Re7
51.Kf3 Re1 52.Kf2 Rb1 53.Be2 Rb3 54.Rd8 Ke7 55.Rh8 Kf6 56.Kg2 Re3 57.Kf2 Rb3  1/2-1/2

[Event "North American Open"]
[Site "Las Vegas USA"]
[Date "2002.12.27"]
[Round "3"]
[White "Mikhailuk,S"]
[Black "Milov,V"]
[Result "1/2-1/2"]
[WhiteElo "2442"]
[BlackElo "2620"]

1.c4 e6 2.Nf3 d5 3.g3 Nf6 4.Bg2 dxc4 5.Qa4+ Nbd7 6.O-O a6 7.Qxc4 b5 8.Qc2 Bb7
9.d4 c5 10.a4 cxd4 11.Nxd4 Bxg2 12.Kxg2 Rc8 13.Qd1 Qb6 14.axb5 axb5 15.Qd3 b4
16.Nb3 Nc5 17.Nxc5 Bxc5 18.Nd2 O-O 19.Nb3 h6 20.Qf3 Be7 21.Be3 Qb5 22.Ra7 Nd5
23.Bd4 Bd8 24.Be5 Bb6 25.Nd4 Bxd4 26.Bxd4 Rc4 27.e3 Rc7 28.Rfa1 Rxa7 29.Rxa7 Qc6
30.e4 Nc7 31.Be5 Qc5 32.Rxc7 Qxe5 33.Rc2 Rd8 34.b3 g5 35.Rc4 Rd4 36.Rxd4 Qxd4
37.h4 Kg7 38.hxg5 hxg5 39.Kf1 Kf8 40.Ke2 Qb2+ 41.Ke1 Qc1+ 42.Ke2 Qc2+ 43.Ke1 Kg7
44.Qe3 Kg6 45.g4 Qb1+ 46.Ke2 Qb2+ 47.Ke1 Kf6 48.f4 Kg7 49.f5 Kf6 50.fxe6 Qa1+
51.Ke2 fxe6 52.Qf2+ Kg6 53.Qf3 Qb2+ 54.Ke1 Qh2 55.Kf1 Qd2 56.e5 Qc1+ 57.Kf2 Qb2+
58.Qe2 Qd4+ 59.Kf3 Qf4+ 60.Kg2 Kg7 61.Qf3 Qxe5 62.Qb7+ Kf6 63.Qxb4 Qe2+ 64.Kg3 Qe3+
65.Kg2 Ke5 66.Qb8+ Ke4 67.Qb4+  1/2-1/2

[Event "North American Open"]
[Site "Las Vegas USA"]
[Date "2002.12.28"]
[Round "4"]
[White "Milov,V"]
[Black "Adamson,R"]
[Result "1-0"]
[WhiteElo "2620"]
[BlackElo "2297"]

1.d4 Nf6 2.c4 c5 3.d5 b5 4.Nf3 g6 5.cxb5 a6 6.b6 a5 7.Nc3 Ba6 8.b7 Ra7 9.e4 Bxf1
10.Kxf1 d6 11.e5 dxe5 12.Nxe5 Rxb7 13.Qa4+ Nbd7 14.Nc6 Qb6 15.Qxa5 Bg7 16.Qa8+ Nb8
17.Na5 Rd7 18.Nc4 Qb4 19.Ne5 Rd8 20.Nd3 Qd4 21.Qa4+ Nbd7 22.Ke2 O-O 23.Be3 Qxa4
24.Nxa4 Nxd5 25.Naxc5 Nxe3 26.Nxd7 Rxd7 27.fxe3 e5 28.Nc5 Rc7 29.b4 Rb8 30.a3 Bf8
31.Rhc1 Ra8 32.Kd3 f5 33.a4 e4+ 34.Kc4 Rb8 35.a5 Kf7 36.a6 Be7 37.Ra5 Rbc8
38.Rd1 Ra8 39.Rd5 Rc6 40.b5 Rb6 41.Nd7  1-0

[Event "North American Open"]
[Site "Las Vegas USA"]
[Date "2002.12.28"]
[Round "5"]
[White "Sevillano,E"]
[Black "Milov,V"]
[Result "1/2-1/2"]
[WhiteElo "2486"]
[BlackElo "2620"]

1.e4 c5 2.c3 Nf6 3.e5 Nd5 4.d4 cxd4 5.Nf3 e6 6.cxd4 d6 7.Bc4 Nc6 8.O-O Be7
9.a3 O-O 10.Re1 Bd7 11.Nbd2 Qb6 12.Ne4 dxe5 13.dxe5 Rfd8 14.b4 Be8 15.Qc2 h6
16.Bb2 Rac8 17.Rac1 Qc7 18.Qb3 Qb8 19.Rcd1 Nf4 20.Bf1 Ng6 21.Ng3 Rxd1 22.Qxd1 b5
23.Qd2 Rd8 24.Qc3 Rd5 25.Nh5 Qd8 26.Qc1 a5 27.bxa5 Nxa5 28.Bc3 Qc7 29.Qa1 Nc4
30.Bb4 Bxb4 31.axb4 Ncxe5 32.Nxe5 Rxe5 33.Rxe5 Qxe5 34.Qa8 Kf8 35.Nxg7 Kxg7
36.Qxe8 Nf4 37.Qxb5 Qxb5 38.Bxb5 Nd5 39.Bc4 Nxb4 40.f4 Kf6 41.Kf2  1/2-1/2

[Event "28th Rapid Open"]
[Site "Aubervilliers FRA"]
[Date "2003.01.26"]
[Round "7"]
[White "Relange,E"]
[Black "Milov,V"]
[Result "1/2-1/2"]
[WhiteElo "2499"]
[BlackElo "2592"]

1.d4 Nf6 2.c4 e6 3.Nf3 d5 4.Nc3 Bb4 5.cxd5 exd5 6.Bg5 Nbd7 7.e3 c5 8.Bd3 Qa5
9.Qc2 c4 10.Bf5 O-O 11.O-O Bxc3 12.bxc3 Re8 13.Nd2 g6 14.Bh3 Ne4 15.Nxe4 dxe4
16.Bxd7 Bxd7 17.Bf4 Qd5 18.Qb2 Re6 19.Qb4 b6 20.a4 Rc8 21.a5 b5 22.h4 a6
23.Rfe1 Kg7 24.Kf1 h6 25.Be5+ f6 26.Bg3 g5 27.hxg5 hxg5 28.Ke2 Kg6 29.Rh1 Ree8
30.Rh2 Rh8 31.Rah1 Rxh2 32.Rxh2 Qe6 33.Kd2 Bc6 34.Qd6 Qxd6 35.Bxd6 Bd5 36.Kc2 Rd8
37.Bg3 f5 38.Be5 Rf8 39.g3 Rc8 40.Bd6 Rd8 41.Be5 Rc8 42.Bd6 Rc6 43.Bc5 Rf6
44.Be7 Re6 45.Bf8 Kf7 46.Bc5 Kg6 47.Bf8 Kf7  1/2-1/2

[Event "Windesheim Open"]
[Site "Zwolle NED"]
[Date "2003.03.08"]
[Round "2"]
[White "Leimand,P"]
[Black "Milov,V"]
[Result "0-1"]
[WhiteElo "2092"]
[BlackElo "2592"]

1.e4 c5 2.Nc3 Nc6 3.d3 g6 4.g3 Bg7 5.Bg2 d6 6.f4 e6 7.Nf3 Nge7 8.O-O O-O
9.Be3 Qb6 10.Rb1 Bd7 11.e5 dxe5 12.Na4 Qc7 13.Nxc5 Nd5 14.Bd2 Qb6 15.d4 Be8
16.Na4 Qc7 17.c4 e4 18.Ne5 Nxe5 19.cxd5 Nf3+ 20.Bxf3 exf3 21.Be3 exd5 22.Nc3 Bd7
23.Qxf3 Rfe8 24.Rbc1 Qb6 25.Nxd5 Qd6 26.Rc5 Bf5 27.Qd1 b6 28.Rb5 Bd7 29.Qb3 Bxb5
30.Qxb5 Rad8  0-1

[Event "Windesheim Open"]
[Site "Zwolle NED"]
[Date "2003.03.09"]
[Round "6"]
[White "Milov,V"]
[Black "Miladinovic,I"]
[Result "1/2-1/2"]
[WhiteElo "2592"]
[BlackElo "2526"]

1.c4 e5 2.Nc3 Nc6 3.Nf3 g6 4.Rb1 a5 5.a3 Bg7 6.d3 d6 7.g3 Nf6 8.Bg2 O-O 9.O-O Nd4
10.b4 axb4 11.axb4 c6 12.b5 Bg4 13.Be3 Nd7 14.h3 Bxf3 15.exf3 Nc5  1/2-1/2

[Event "National I"]
[Site "Besancon FRA"]
[Date "2003.04.04"]
[Round "4"]
[White "Chernuschevich,A"]
[Black "Milov,V"]
[Result "1-0"]
[WhiteElo "2485"]
[BlackElo "2574"]

1.d4 Nf6 2.c4 e6 3.Nc3 Bb4 4.e3 c5 5.Ne2 cxd4 6.exd4 O-O 7.a3 Be7 8.Nf4 d6
9.Be2 e5 10.Nfd5 Nxd5 11.Nxd5 Nc6 12.dxe5 dxe5 13.Be3 Bg5 14.O-O Bxe3 15.fxe3 Be6
16.Qd2 Qh4 17.Rad1 Rac8 18.b4 Rfd8 19.Qb2 Rd7 20.b5 Na5 21.b6 axb6 22.Qxe5 Qd8
23.Qe4 Bxd5 24.cxd5 Rd6 25.Qf5 Rc7 26.e4 g6 27.Qf4 Re7 28.h4 f6 29.Rf3 Re5
30.Rc3 Qe7 31.Bf3 Kg7 32.Rdc1 h5 33.Kh1 Rd7 34.Qg3 Qd6 35.Qf2 Ree7 36.Kg1 Rc7
37.Qc2 Rxc3 38.Qxc3 Qf4 39.Rd1 Rc7 40.Qd4 Qxh4 41.Qb4 Rc5 42.Be2 Kf7 43.Rb1 Ke7
44.Bf1 f5 45.exf5 gxf5 46.Re1+ Kf7 47.Qd4 Qf6 48.Qd1 Qh4 49.d6 Nc6 50.d7 Rc3
51.Qd5+ Kg7 52.Re8  1-0

[Event "7th Neckar Open"]
[Site "Deizisau GER"]
[Date "2003.04.17"]
[Round "1"]
[White "Scharrer,P"]
[Black "Milov,V"]
[Result "0-1"]
[WhiteElo "2148"]
[BlackElo "2574"]

1.e4 c5 2.Nf3 e6 3.d3 Nc6 4.g3 g6 5.Bg2 Bg7 6.c3 e5 7.O-O Nge7 8.Nbd2 d6
9.Nc4 O-O 10.Nfd2 Be6 11.f4 exf4 12.gxf4 f5 13.Ne3 Qd7 14.Nd5 Kh8 15.Nc4 b5
16.Nce3 Rab8 17.Bd2 b4 18.Qa4 bxc3 19.Bxc3 Nxd5 20.Nxd5 Nd4 21.Qxd7 Bxd7
22.Rf2 Be6 23.Ne3 fxe4 24.dxe4 Rxf4 25.Rxf4 Ne2+ 26.Kf2 Nxf4 27.Bxg7+ Kxg7
28.b3 Kf6 29.Rd1 Ke5 30.Bf3 Nh3+ 31.Kg2 Ng5  0-1

[Event "7th Neckar Open"]
[Site "Deizisau GER"]
[Date "2003.04.18"]
[Round "2"]
[White "Milov,V"]
[Black "Bjornsson,S"]
[Result "1-0"]
[WhiteElo "2574"]
[BlackElo "2296"]

1.d4 Nf6 2.c4 g6 3.Nc3 Bg7 4.e4 d6 5.Be2 O-O 6.Bg5 c6 7.Nf3 Nbd7 8.O-O e5
9.d5 cxd5 10.cxd5 h6 11.Bd2 Nc5 12.Qc2 a5 13.Be3 Na6 14.Nd2 Ng4 15.Bxg4 Bxg4
16.Nc4 Qe7 17.Nb6 Rad8 18.Qa4 Nb4 19.f3 Bd7 20.Nxd7 Qxd7 21.Bb6 Qxa4 22.Nxa4 Rc8
23.Bxa5 Nc2 24.Rac1 Nd4 25.Kf2 f5 26.exf5 gxf5 27.Nb6 Rxc1 28.Rxc1 e4 29.Rc8 Nb5
30.Rxf8+ Kxf8 31.Nc4 Bd4+ 32.Kg3 e3 33.a4 Na7 34.f4 b5 35.axb5 Nxb5 36.Kf3 Bc5
37.Bb6  1-0

[Event "7th Neckar Open"]
[Site "Deizisau GER"]
[Date "2003.04.18"]
[Round "3"]
[White "Sigfusson,S"]
[Black "Milov,V"]
[Result "0-1"]
[WhiteElo "2381"]
[BlackElo "2574"]

1.e4 c5 2.Nf3 Nc6 3.d4 cxd4 4.Nxd4 Nf6 5.Nc3 d6 6.Bc4 Qb6 7.Be3 Qxb2 8.Ndb5 Qb4
9.Bd3 Qa5 10.Rb1 e6 11.Rb3 Qd8 12.O-O Be7 13.f4 O-O 14.Qf3 e5 15.f5 a6 16.Na3 b5
17.Nd5 Nxd5 18.exd5 Nd4 19.Qh5 Bf6 20.Bxd4 exd4 21.Rf4 Re8 22.Be4 Qa5 23.Qd1 Bxf5
24.Bxf5 Re1+ 25.Qxe1 Qxe1+ 26.Rf1 Qe5  0-1

[Event "7th Neckar Open"]
[Site "Deizisau GER"]
[Date "2003.04.19"]
[Round "5"]
[White "Balinov,I"]
[Black "Milov,V"]
[Result "0-1"]
[WhiteElo "2446"]
[BlackElo "2574"]

1.e4 c5 2.Nf3 Nc6 3.d4 cxd4 4.Nxd4 Qb6 5.Nb3 Nf6 6.Nc3 e6 7.Be3 Qc7 8.Qd2 Bb4
9.f3 d5 10.a3 Bxc3 11.Qxc3 dxe4 12.fxe4 O-O 13.Bd3 Ng4 14.Bg1 Nge5 15.Be2 b6
16.Nd4 Bb7 17.O-O-O Qe7 18.Kb1 Rac8 19.Nb5 Ba8 20.Bf2 f6 21.Rhe1 Nf7 22.Bh5 Ng5
23.Nd6 Rcd8 24.Qd2 g6 25.Bxg6 hxg6 26.e5 Nxe5 27.Rxe5 fxe5 28.Bh4 Rxd6 29.Qxd6 Qxd6
30.Rxd6 Ne4 31.Rd7 Bd5 32.b3 g5  0-1

[Event "7th Neckar Open"]
[Site "Deizisau GER"]
[Date "2003.04.20"]
[Round "7"]
[White "Nisipeanu,LD"]
[Black "Milov,V"]
[Result "1/2-1/2"]
[WhiteElo "2606"]
[BlackElo "2574"]

1.e4 e6 2.d4 d5 3.Nd2 dxe4 4.Nxe4 Nd7 5.Nf3 Ngf6 6.Bg5 h6 7.Nxf6+ Nxf6 8.Be3 Bd6
9.Bd3 b6 10.Ne5 Bb7 11.Bb5+ Kf8 12.Qe2 a6 13.Bd3 c5 14.O-O  1/2-1/2

[Event "7th Neckar Open"]
[Site "Deizisau GER"]
[Date "2003.04.21"]
[Round "8"]
[White "Milov,V"]
[Black "Kunin,V"]
[Result "1-0"]
[WhiteElo "2574"]
[BlackElo "2441"]

1.d4 Nf6 2.c4 b6 3.Nc3 Bb7 4.f3 d5 5.cxd5 Nxd5 6.e4 Nxc3 7.bxc3 e6 8.Bb5+ c6
9.Ba4 Be7 10.Ne2 O-O 11.O-O c5 12.Be3 cxd4 13.cxd4 a6 14.Ng3 b5 15.Bb3 Nc6
16.f4 Na5 17.f5 Nxb3 18.axb3 exf5 19.Rxf5 g6 20.Rf2 Bf6 21.Qd2 Bg7 22.Raf1 a5
23.d5 Qd6 24.Bd4 f6 25.Qe3 Rf7 26.Ne2 a4 27.Nc3 Ba6 28.e5 fxe5 29.Rxf7 exd4
30.Rxg7+ Kxg7 31.Qxd4+ Kg8 32.Ne4 Qe7 33.Nf6+ Kh8 34.d6 Qa7 35.Qxa7 Rxa7
36.d7 Ra8 37.Ne8  1-0

[Event "7th Neckar Open"]
[Site "Deizisau GER"]
[Date "2003.04.21"]
[Round "9"]
[White "Baramidze,D"]
[Black "Milov,V"]
[Result "1-0"]
[WhiteElo "2440"]
[BlackElo "2574"]

1.e4 c5 2.Nf3 e6 3.d4 cxd4 4.Nxd4 a6 5.Nc3 d6 6.Be3 b5 7.Qd2 Bb7 8.f3 Nd7
9.O-O-O Rc8 10.g4 Ne7 11.Bd3 Nc6 12.Kb1 Nce5 13.Rhe1 Nb6 14.g5 Be7 15.f4 Nec4
16.Qf2 Nxe3 17.Rxe3 Rxc3 18.bxc3 Na4 19.Qe1 Qc7 20.Ne2 e5 21.h4 O-O 22.f5 f6
23.gxf6 Bxf6 24.Ka1 d5 25.exd5 e4 26.Bxe4 b4 27.d6 Qb6 28.Rdd3 Bxe4 29.Rxe4 Nc5
30.Ree3 Nxd3 31.Rxd3 bxc3 32.Qb1 Qf2 33.Nxc3 Qxf5 34.Qb4 h6 35.a3 Qf2 36.Qb3+ Kh7
37.h5 Qf5 38.Ka2 Rd8 39.Qf7 Qf2 40.Qb3 Rb8 41.Qa4 Qh2 42.d7 Qxh5 43.Qe4+ Kh8
44.Nd5 Qf7 45.Rb3 Rd8 46.Nxf6 Qxf6 47.Rf3 Qg5 48.Rf5 Qd2 49.Rd5 Qc3 50.Re5 Rg8
51.Re8 Qc7 52.Rxg8+ Kxg8 53.Qd5+ Kh7 54.Qd3+  1-0

[Event "4th IECC"]
[Site "Istanbul TUR"]
[Date "2003.05.31"]
[Round "2"]
[White "Milov,V"]
[Black "Mamedov,Rau"]
[Result "1/2-1/2"]
[WhiteElo "2574"]
[BlackElo "2330"]

1.c4 Nf6 2.Nc3 g6 3.g3 Bg7 4.Bg2 O-O 5.d3 d6 6.e4 c5 7.Nge2 Nc6 8.O-O e5
9.f4 exf4 10.gxf4 Bg4 11.Be3 Bxe2 12.Qxe2 Nd4 13.Qd1 Re8 14.Rb1 Rc8 15.b4 b6
16.a4 Qd7 17.Nb5 Nxb5 18.axb5 cxb4 19.Qf3 Qe7 20.Bd2 Nd7 21.Bxb4 Nc5 22.Kh1 Bd4
23.Bd2 Rf8 24.Rbe1 Qh4 25.Re2 Rce8 26.Be1 Qh6 27.Bf2 Bxf2 28.Rfxf2 Qg7 29.Qe3 Qc3
30.d4 Qxe3 31.Rxe3 Ne6 32.d5 Nc5 33.e5 Re7 34.Rfe2 Rfe8 35.Bh3 Kg7 36.Kg2 f6
37.e6 f5 38.Ra2 Kf6 39.Rea3 Ra8 40.Kf3 Rc7 41.Bf1 Re7 42.Be2 Rc7 43.Ra1 Re7
44.Ke3 Rc7 45.Kd4 Rg7 46.Rh3 Rag8 47.Raa3 h5 48.Rhg3 Re8  1/2-1/2

[Event "4th IECC"]
[Site "Istanbul TUR"]
[Date "2003.06.02"]
[Round "4"]
[White "Milov,V"]
[Black "Genov,Peta"]
[Result "1-0"]
[WhiteElo "2574"]
[BlackElo "2490"]

1.d4 Nf6 2.c4 e6 3.Nc3 Bb4 4.e3 b6 5.f3 O-O 6.e4 Ba6 7.Bg5 d6 8.Rc1 e5 9.d5 h6
10.Bh4 Bc5 11.Bd3 Nbd7 12.Nge2 Re8 13.Rb1 Be3 14.b4 Qc8 15.Qc2 Nh5 16.Nd1 Bd4
17.Nxd4 exd4 18.Bf2 Ne5 19.Bxd4 Nf4 20.Bxe5 Rxe5 21.Ne3 f5 22.O-O Nxd3 23.Qxd3 fxe4
24.fxe4 Qe8 25.Rf4 Qg6 26.Rg4 Qh5 27.Rg3 Bc8 28.Nf1 Bd7 29.Nd2 a5 30.a3 axb4
31.axb4 Re7 32.c5 bxc5 33.bxc5 dxc5 34.Nc4 Kh8 35.Qc3 Rae8 36.Re1 Bb5 37.Rge3 Qg6
38.e5 Qg4 39.Na3 Ba6 40.Qxc5 Qf4 41.e6 Qf5 42.Qc6 Bd3 43.Qc3 Ba6 44.Re5 Qf4
45.Nc2 Rf8 46.Qf3 Qxf3 47.gxf3 Rxf3 48.Ra1 Bb7 49.Rb1 Bxd5 50.Nd4 Rd3 51.Rxd5 Kh7
52.Rbb5 c6 53.Nxc6 Rxd5 54.Rxd5 Rxe6 55.Ne5 Ra6 56.Kg2 Ra2+ 57.Kg3 Ra3+ 58.Nf3 Ra7
59.Rd6 Re7 60.Kf4 Rf7+ 61.Kg4 Re7 62.Nd4 Re4+ 63.Kf3 Re5 64.Ne6 Rf5+ 65.Ke4 Rf6
66.h3 Rf7 67.Rc6 Re7 68.Ke5 Rf7 69.h4 g6 70.Rc7 Kg8 71.Rxf7 Kxf7 72.Nd4 Ke7
73.Nf3 Kf7 74.Nh2 Kg7 75.Ng4 h5 76.Nf2 g5 77.hxg5 Kg6 78.Kf4  1-0

[Event "4th IECC"]
[Site "Istanbul TUR"]
[Date "2003.06.03"]
[Round "5"]
[White "Olafsson,H"]
[Black "Milov,V"]
[Result "1/2-1/2"]
[WhiteElo "2473"]
[BlackElo "2574"]

1.d4 Nf6 2.c4 e6 3.Nf3 d5 4.g3 dxc4 5.Qa4+ Nbd7 6.Bg2 a6 7.Nc3 Rb8 8.Qxc4 b5
9.Qd3 Bb7 10.O-O c5 11.dxc5 Bxc5 12.Bf4 Rc8 13.Rad1 O-O 14.Ne5 Bxg2 15.Kxg2 Nxe5
16.Bxe5 Qxd3 17.Rxd3 Ng4 18.Bd4 Rfd8 19.Rfd1 Be7 20.h3 Nf6 21.Bxf6 gxf6 22.Rxd8+ Bxd8
23.Rd6 b4 24.Na4 a5 25.g4 Kf8 26.Kf3 Ke8 27.Rd1 Rc6 28.Ke4 Bc7 29.Kd3 Kd7
30.Rf1 Bb8 31.e3 Be5 32.f4 Bb8 33.h4 Ke7 34.b3 e5 35.f5 Ba7 36.Re1 Kd6 37.Nb2 Rc3+
38.Ke4 Ke7 39.Re2 Rc1 40.Nc4 a4 41.g5 Rc3 42.Rd2 axb3 43.axb3 Rxb3 44.gxf6+ Kxf6
45.Rd6+ Kg7 46.f6+ Kh6 47.Rd7 Rc3 48.Nxe5 Bc5 49.Rxf7 Bd6 50.Ng4+ Kh5 51.Kf3 Rc7
52.Rg7 Kxh4 53.f7 Bf8 54.Rxh7+ Kg5 55.Ne5 Kf5 56.Rh8  1/2-1/2

[Event "4th IECC"]
[Site "Istanbul TUR"]
[Date "2003.06.11"]
[Round "11"]
[White "Ftacnik,L"]
[Black "Milov,V"]
[Result "0-1"]
[WhiteElo "2611"]
[BlackElo "2574"]

1.d4 d5 2.c4 c6 3.Nf3 Nf6 4.e3 Bf5 5.Nc3 e6 6.Nh4 Be4 7.f3 Bg6 8.Qb3 Qc7
9.g3 Nbd7 10.Bd2 Bd6 11.Rc1 a6 12.Nxg6 hxg6 13.f4 g5 14.cxd5 exd5 15.fxg5 Bxg3+
16.Ke2 Ne4 17.Nxd5 Qd8 18.Bg2 Nxd2 19.Kxd2 Bd6 20.Qxb7 cxd5 21.Qxd5 Nb6 22.Qe4+ Kf8
23.h4 Rb8 24.Rhf1 Qe7 25.Qg4 g6 26.Rc6 Kg7 27.b3 Rhe8 28.e4 Red8 29.h5 Be5
30.d5 Rd6 31.Rfc1 Rxc6 32.Rxc6 Qb4+ 33.Ke2 Nxd5 34.Qd7 Nf4+ 35.Kf3 Qb5 36.h6+ Kg8
37.Rc8+ Rxc8 38.Qxc8+ Kh7 39.Qc2 Bb8  0-1